| 000 | 01118cam a2200325 i 4500 | ||
|---|---|---|---|
| 001 | 410945 | ||
| 003 | OSt | ||
| 005 | 20150408113746.0 | ||
| 008 | 800903s1980 enk b 001 0deng | ||
| 010 | _a 80040048 | ||
| 015 | _aGB*** | ||
| 020 | _a0710003757 | ||
| 040 |
_aDLCMU _cMU _dMB _dMB _dMB |
||
| 043 | _ae-uk--- | ||
| 050 | 0 | 0 |
_aPR442 _b.A3 |
| 082 | 0 | 0 |
_a824.509 B E A _219 |
| 245 | 0 | 0 |
_aAddison and Steele, the critical heritage / _cedited by Edward A. Bloom and Lillian D. Bloom. |
| 260 |
_aLondon ; _aBoston : _bRoutledge & K. Paul, _c1980. |
||
| 300 |
_axii, 480 p. ; _c23 cm. |
||
| 490 | 0 | _aCritical heritage series | |
| 500 | _aIncludes index. | ||
| 504 | _aBibliography: p. 452-457. | ||
| 600 | 1 | 0 |
_aAddison, Joseph, _d1672-1719 _xCriticism and interpretation. _99115 |
| 600 | 1 | 0 |
_aSteele, Richard, _cSir, _d1672-1729 _xCriticism and interpretation. _99116 |
| 650 | 0 |
_aEnglish literature _y18th century _xHistory and criticism. _97547 |
|
| 700 | 1 |
_aBloom, Edward Alan, _d1914- _99117 |
|
| 700 | 1 |
_aBloom, Lillian D. _98343 |
|
| 906 |
_a7 _bcbc _corignew _d2 _eocip _f19 _gy-gencatlg |
||
| 942 |
_2ddc _cBOOK |
||
| 999 |
_c3425 _d237925 |
||